00542nam a2200169 a 450000100060000000300080000600500170001400800410003103500200007204000320009204100080012408200240013224501260015626000400028230000270032265000230034959404BD-RjUL20211209080726.0161224s1960 enk 000 0 eng d a(BD-RjUL) 59528 aMRCcMRCdZCUdBD-RjULbeng aeng 223a623.4bABR 196000aAbridgments of the patent specifications relating to firearms & other weapons, ammunition & accoutrements from 1588-1858. aLondon :bThe Holland Press,cc1960 axii, 323 p. ;c21 cm.  0aFirearmsvPatents.